Medzinárodná ekonomická integrácia v Afrike bakalárska práca

Guardado en:
Detalles Bibliográficos
Autor principal: Kuruczová, Klaudia
Autor Corporativo: Fakulta medzinárodných vzťahov EU. Katedra medzinárodných ekonomických vzťahov a hospodárskej diplomacie
Otros Autores: Brocková, Katarína, 1976-
Formato: Libro
Lenguaje:eslovaco
Publicado: Bratislava 2017
Etiquetas: Agregar Etiqueta
Sin Etiquetas, Sea el primero en etiquetar este registro!

MARC

LEADER 00000nbm a2200000 4500
001 0235391
005 20180221151823.5
041 0 |a slo 
044 |a SK 
245 1 0 |a Medzinárodná ekonomická integrácia v Afrike  |b bakalárska práca  |c Klaudia Kuruczová ; školiteľ: Katarína Brocková 
264 1 |a Bratislava  |c 2017 
300 |a 61 s. 
100 1 |a Kuruczová, Klaudia 
700 1 |a Brocková, Katarína, 1976- 
710 2 |a Fakulta medzinárodných vzťahov EU. Katedra medzinárodných ekonomických vzťahov a hospodárskej diplomacie